000 00517nam a2200181Ia 4500
003 GCL
008 140319s9999 xx 000 0 eng d
040 _aGCL /
_cGCL
082 0 4 _a693
_bR E
100 1 _aSABERIN, GLORIA
245 1 0 _aEXAMPLES OF THE DESIGN OF REINFORCES CONCRETE BUIDLING TO BS 8110,4th ed. /
_cSABERIN, GLORIA
260 _a[S.N] :
_bMACMILLAN PUBLISHING COMPANY ،
_c1992
300 _a303 P
650 0 4 _aSCIENCE
650 0 4 _aCONCRETE CONSTRUCTION
650 0 4 _aCONCRETE
942 _2ddc
_cBK
999 _c17552
_d17552